[Event "II Festival Panza A"]
[Site "Forio ITA"]
[Date "2010.07.21"]
[Round "6"]
[White "Ochtman, Henk"]
[Black "Brookes, Christopher"]
[Result "1-0"]
[WhiteElo "2183"]
[BlackElo "2023"]
[PlyCount "81"]
[EventDate "2010.07.17"]

1. c4 Nf6 2. Nc3 g6 3. e4 d6 4. Nf3 Bg7 5. Be2 O-O 6. d4 c5 7. dxc5 dxc5 8. Be3
Qb6 9. Nd2 Rd8 10. O-O Nc6 11. Na4 Qc7 12. Nxc5 b6 13. Nd3 Nd4 14. Nb4 Nxe2+
15. Qxe2 a5 16. Nd5 Nxd5 17. exd5 e6 18. dxe6 Bxe6 19. Rad1 a4 20. b3 axb3 21.
axb3 Ra2 22. Qf3 Rb2 23. Bg5 f6 24. Bf4 Qc8 25. Ne4 Rxd1 26. Qxd1 g5 27. Be3
Bf5 28. Bd4 Ra2 29. Nd6 Qd7 30. Nxf5 Qxf5 31. Bxb6 Bf8 32. Re1 Kg7 33. Qb1 Rc2
34. Be3 Qd3 35. c5 f5 36. Rd1 Qe2 37. Rc1 Rxc1+ 38. Qxc1 f4 39. Bd4+ Kg6 40. h3
g4 41. Qxf4 1-0

[Event "II Festival Panza A"]
[Site "Forio ITA"]
[Date "2010.07.21"]
[Round "6"]
[White "Pegoraro, Nicola"]
[Black "Safranska, Anda"]
[Result "0-1"]
[WhiteElo "2036"]
[BlackElo "2288"]
[PlyCount "40"]
[EventDate "2010.07.17"]

1. e4 g6 2. d4 Bg7 3. Nc3 c6 4. Be3 Qb6 5. Rb1 d6 6. h3 Nf6 7. Nf3 O-O 8. Bc4
Qb4 9. Bd3 Nbd7 10. O-O e5 11. dxe5 dxe5 12. a3 Qe7 13. Qc1 Re8 14. b4 Nh5 15.
Rd1 Nf4 16. Ne2 Ne6 17. Ng3 Ndf8 18. Bc4 Kh8 19. Ng5 b5 20. Bc5 Qxg5 0-1

[Event "II Festival Panza A"]
[Site "Forio ITA"]
[Date "2010.07.21"]
[Round "6"]
[White "Looijmans, Karel"]
[Black "Heikkila, Antti"]
[Result "1-0"]
[WhiteElo "2104"]
[BlackElo "2045"]
[PlyCount "55"]
[EventDate "2010.07.17"]

1. e4 d6 2. d4 Nf6 3. Nc3 g6 4. Be3 c6 5. h3 Nbd7 6. Nf3 Bg7 7. e5 Nd5 8. Nxd5
cxd5 9. exd6 exd6 10. Bd3 O-O 11. O-O Qb6 12. Qd2 Nf6 13. c3 Bd7 14. Rab1 Rfe8
15. Rfe1 Ne4 16. Qc2 Rac8 17. Qb3 Qxb3 18. axb3 Bc6 19. Ra1 a6 20. Bf4 Bf8 21.
Re3 Re6 22. Rae1 Rf6 23. Bh2 h5 24. c4 Bh6 25. cxd5 Bxe3 26. Bxe4 Bb5 27. fxe3
Re8 28. Bb1 1-0

[Event "II Festival Panza A"]
[Site "Forio ITA"]
[Date "2010.07.21"]
[Round "6"]
[White "Lamagna, Mario"]
[Black "Hamperl, Fred"]
[Result "1/2-1/2"]
[WhiteElo "2009"]
[BlackElo "2084"]
[PlyCount "108"]
[EventDate "2010.07.17"]

1. e4 c5 2. f4 Nc6 3. Nf3 g6 4. Bb5 Nd4 5. Nxd4 cxd4 6. O-O Bg7 7. d3 e6 8. Nd2
a6 9. Ba4 b5 10. Bb3 Ne7 11. Nf3 O-O 12. Qe1 Bb7 13. Bd2 f5 14. Ba5 Qc8 15. e5
Bxf3 16. Rxf3 Nc6 17. Bd2 Rf7 18. a4 Bf8 19. axb5 axb5 20. Rf1 Bc5 21. Qe2 Rf8
22. Rfc1 Ne7 23. Qe1 Qc6 24. Bb4 Rfc8 25. Rxa8 Rxa8 26. Bxc5 Qxc5 27. Ra1 Rc8
28. Qd2 Nd5 29. Bxd5 Qxd5 30. Qf2 b4 31. b3 Qc5 32. Ra2 d6 33. exd6 Qxd6 34. g3
e5 35. fxe5 Qxe5 36. Kf1 Qd5 37. Qg2 Qxg2+ 38. Kxg2 Kg7 39. Kf3 g5 40. h4 Kg6
41. hxg5 Kxg5 42. Ra4 Rxc2 43. Rxb4 Rc3 44. Rxd4 Rxb3 45. Rd7 h5 46. Rg7+ Kf6
47. Rd7 Rb1 48. Rh7 Rd1 49. Rxh5 Rxd3+ 50. Kf4 Rd4+ 51. Kf3 Ke5 52. Rh4 Rd3+
53. Kf2 Ra3 54. Rb4 Ra2+ 1/2-1/2

[Event "II Festival Panza A"]
[Site "Forio ITA"]
[Date "2010.07.21"]
[Round "6"]
[White "De Rosa, Mariagrazia"]
[Black "Magaldi, Giuseppe"]
[Result "1-0"]
[WhiteElo "2073"]
[BlackElo "1458"]
[PlyCount "41"]
[EventDate "2010.07.17"]

1. e4 e5 2. Nf3 Nc6 3. Bb5 h6 4. O-O d6 5. d4 Bd7 6. Nc3 Nf6 7. Re1 g5 8. Bxc6
Bxc6 9. dxe5 g4 10. exf6 Qxf6 11. e5 Bxf3 12. exf6+ Kd7 13. gxf3 gxf3 14. Qxf3
c6 15. Bf4 h5 16. Rad1 Kc7 17. Bxd6+ Bxd6 18. Rxd6 Kxd6 19. Qf4+ Kd7 20. Re7+
Kc8 21. Qc7# 1-0

[Event "II Festival Panza A"]
[Site "Forio ITA"]
[Date "2010.07.21"]
[Round "6"]
[White "Andreoli, Mark"]
[Black "Taglialatela, Massimiliano"]
[Result "0-1"]
[WhiteElo "2013"]
[BlackElo "2047"]
[PlyCount "93"]
[EventDate "2010.07.17"]

1. e4 c6 2. d4 d5 3. f3 e6 4. Nc3 Bb4 5. Nge2 Nf6 6. Bg5 Qa5 7. e5 Nfd7 8. a3
Bxc3+ 9. bxc3 c5 10. Bd2 Qc7 11. Ng3 Nc6 12. f4 cxd4 13. cxd4 Nxd4 14. c3 Nc6
15. Bd3 Na5 16. O-O Nc4 17. f5 Ndxe5 18. Bxc4 Nxc4 19. f6 g6 20. Kh1 Nxd2 21.
Qxd2 Bd7 22. Rae1 O-O-O 23. c4 Bc6 24. Qd4 Kb8 25. c5 h5 26. Re5 Bb5 27. Rb1
Bc4 28. Ne2 Rc8 29. Qb2 Bxe2 30. Rxe2 Rhd8 31. Rc2 Qc6 32. Rc3 d4 33. Rb3 Rc7
34. Rb6 axb6 35. cxb6 Rcd7 36. Qb4 Rd5 37. Qe7 Qd7 38. Qb4 d3 39. Qd2 Rc5 40.
Qf4+ Qd6 41. Qa4 d2 42. Qa7+ Kc8 43. Rd1 Rc1 44. Qa8+ Qb8 45. Qa4 Rxd1+ 46.
Qxd1 Qe5 47. h3 0-1

[Event "II Festival Panza A"]
[Site "Forio ITA"]
[Date "2010.07.21"]
[Round "6"]
[White "Graziani, Sergio"]
[Black "Basso, Pier Luigi"]
[Result "1-0"]
[WhiteElo "1919"]
[BlackElo "1689"]
[PlyCount "69"]
[EventDate "2010.07.17"]

1. d4 d5 2. Nf3 Nf6 3. Bg5 e6 4. e3 Be7 5. Bd3 Nbd7 6. Nbd2 b6 7. O-O Bb7 8.
Re1 Ne4 9. Bxe7 Qxe7 10. Nf1 Ndf6 11. Ne5 O-O 12. f3 Nd6 13. Ng3 a5 14. Qe2 Nd7
15. Rad1 Nxe5 16. dxe5 Ne8 17. c3 c6 18. Kh1 Nc7 19. f4 Ba6 20. Bxa6 Rxa6 21.
e4 Ra7 22. Qg4 dxe4 23. Nxe4 Ne8 24. Re3 f5 25. exf6 Nxf6 26. Nxf6+ Rxf6 27.
Rde1 Kf7 28. g3 Qc5 29. Re5 Qd6 30. Qh5+ Rg6 31. f5 Re7 32. fxg6+ hxg6 33. Qf3+
Kg8 34. Qe4 Kf7 35. Rg5 1-0

[Event "II Festival Panza A"]
[Site "Forio ITA"]
[Date "2010.07.22"]
[Round "7"]
[White "Meijers, Viesturs"]
[Black "Rotstein, Arkadij"]
[Result "1/2-1/2"]
[WhiteElo "2474"]
[BlackElo "2527"]
[PlyCount "30"]
[EventDate "2010.07.17"]

1. e4 c5 2. Nf3 e6 3. d4 cxd4 4. Nxd4 Nf6 5. Bd3 Nc6 6. Nf3 d5 7. exd5 exd5 8.
O-O Be7 9. h3 O-O 10. Nc3 Be6 11. Ne2 Ne4 12. Ned4 Bc5 13. c3 Nxd4 14. Nxd4
Bxd4 15. cxd4 Qb6 1/2-1/2

[Event "II Festival Panza A"]
[Site "Forio ITA"]
[Date "2010.07.22"]
[Round "7"]
[White "Gaponenko, Inna"]
[Black "Lazarev, Vladimir"]
[Result "1/2-1/2"]
[WhiteElo "2465"]
[BlackElo "2444"]
[PlyCount "20"]
[EventDate "2010.07.17"]

1. e4 c5 2. Nf3 Nc6 3. d4 cxd4 4. Nxd4 Qc7 5. Nc3 e6 6. Be3 a6 7. Qd2 Nf6 8.
O-O-O Bb4 9. f3 O-O 10. g4 b5 1/2-1/2

[Event "II Festival Panza A"]
[Site "Forio ITA"]
[Date "2010.07.22"]
[Round "7"]
[White "Epishin, Vladimir V."]
[Black "Scharrer, Patrick"]
[Result "1-0"]
[WhiteElo "2598"]
[BlackElo "2253"]
[PlyCount "81"]
[EventDate "2010.07.17"]

1. d4 g6 2. Nf3 Bg7 3. e4 d6 4. Bc4 e6 5. Bb3 Ne7 6. O-O Nd7 7. c3 h6 8. Re1 b6
9. a4 a6 10. Nbd2 Bb7 11. Nf1 Rc8 12. Ng3 c5 13. Be3 c4 14. Bc2 e5 15. Qd2 Qc7
16. Rad1 Ng8 17. h3 Ngf6 18. Nh4 Bf8 19. f4 Be7 20. Nf3 h5 21. d5 h4 22. fxe5
hxg3 23. exf6 Bxf6 24. Rf1 Ne5 25. Bd4 Rh5 26. Qf4 Nxf3+ 27. Rxf3 Bxd4+ 28.
cxd4 b5 29. Rdf1 Rh7 30. axb5 axb5 31. Qxg3 Qe7 32. Rf6 Rd8 33. b3 Ra8 34. bxc4
bxc4 35. Rxd6 Ra2 36. Rdf6 Bc8 37. Rc6 Qd7 38. Qb8 Kd8 39. Rd6 Rxc2 40. Rxd7+
Kxd7 41. Rf6 1-0

[Event "II Festival Panza A"]
[Site "Forio ITA"]
[Date "2010.07.22"]
[Round "7"]
[White "Naumkin, Igor"]
[Black "Ortega, Lexy"]
[Result "0-1"]
[WhiteElo "2466"]
[BlackElo "2488"]
[PlyCount "44"]
[EventDate "2010.07.17"]

1. d4 d5 2. c4 c6 3. Nf3 Nf6 4. Nc3 e6 5. e3 Nbd7 6. Qc2 Bd6 7. Bd3 O-O 8. O-O
dxc4 9. Bxc4 b5 10. Be2 Bb7 11. Rd1 Qb8 12. h3 Rc8 13. a3 c5 14. dxc5 Nxc5 15.
Nxb5 Be4 16. Qc4 Bd5 17. Qh4 Nb3 18. Nxd6 Qxd6 19. Rb1 Qb6 20. Bd2 Be4 21. Bc3
Bxb1 22. Bxf6 Nc1 0-1

[Event "II Festival Panza A"]
[Site "Forio ITA"]
[Date "2010.07.22"]
[Round "7"]
[White "Manca, Federico"]
[Black "Ochtman, Henk"]
[Result "1-0"]
[WhiteElo "2356"]
[BlackElo "2183"]
[PlyCount "147"]
[EventDate "2010.07.17"]

1. e4 e6 2. d4 d5 3. Nc3 Nf6 4. Bg5 Be7 5. e5 Nfd7 6. h4 h6 7. Bxe7 Qxe7 8. Qg4
f5 9. exf6 Nxf6 10. Qg6+ Qf7 11. Qxf7+ Kxf7 12. Nf3 Re8 13. Ne5+ Ke7 14. O-O-O
Bd7 15. g3 Nc6 16. Ng6+ Kf7 17. Nf4 Nxd4 18. Rxd4 e5 19. Rb4 exf4 20. Rxb7 Rec8
21. Bg2 a5 22. Rd1 Bc6 23. Rb3 fxg3 24. fxg3 Rd8 25. Ne2 Rd6 26. Rc3 Ra7 27.
Rc5 Ba8 28. Nc3 c6 29. Bh3 g5 30. Bf5 Nh5 31. Ne4 Rd8 32. hxg5 hxg5 33. g4 Ng7
34. Nxg5+ Kf6 35. Nf3 Nxf5 36. gxf5 Kxf5 37. Rxc6 Bxc6 38. Nd4+ Ke4 39. Nxc6
Rad7 40. Re1+ Kf5 41. Nxd8 Rxd8 42. Re7 Rc8 43. a4 Kf6 44. Rb7 Ke5 45. Rb5 Kd4
46. Rxa5 Rg8 47. b3 Rg2 48. Ra7 Kc5 49. Rc7+ Kb4 50. Kb2 Rh2 51. Rd7 Kc5 52.
Rc7+ Kb4 53. Rc3 Rg2 54. Rd3 Kc5 55. Kc3 Rh2 56. b4+ Kc6 57. Kb3 Rh1 58. Rg3
Rb1+ 59. Kc3 Ra1 60. Rg6+ Kc7 61. a5 Rd1 62. b5 Rb1 63. b6+ Kb7 64. Rg7+ Kb8
65. Kd4 Rb5 66. a6 Rxb6 67. Rb7+ Rxb7 68. axb7 Kxb7 69. Kxd5 Kc7 70. Kc5 Kd7
71. Kb6 Kd6 72. c4 Kd7 73. c5 Kc8 74. Kc6 1-0

[Event "II Festival Panza A"]
[Site "Forio ITA"]
[Date "2010.07.22"]
[Round "7"]
[White "Safranska, Anda"]
[Black "Caprio, Guido"]
[Result "0-1"]
[WhiteElo "2288"]
[BlackElo "2250"]
[PlyCount "72"]
[EventDate "2010.07.17"]

1. e4 c5 2. d3 Nc6 3. g3 d5 4. Nd2 Nf6 5. Bg2 e5 6. Ngf3 Be7 7. O-O O-O 8. c3
Be6 9. Re1 d4 10. c4 Nd7 11. h3 a6 12. a3 b5 13. b3 Kh8 14. Qe2 Rb8 15. h4 f6
16. Kh2 Na5 17. Bh3 Bf7 18. Bg4 Nxb3 19. Nxb3 bxc4 20. Nbd2 cxd3 21. Qxd3 Nb6
22. Qf1 h5 23. Bh3 c4 24. g4 c3 25. Nb1 Na4 26. gxh5 Bxh5 27. Qg2 Nc5 28. Nxc3
dxc3 29. Be3 Rg8 30. Bg4 Qe8 31. Ng1 Qg6 32. Bxh5 Qxh5 33. Qh3 Rb2 34. Bxc5
Bxc5 35. Qxc3 Rxf2+ 36. Kh3 g5 0-1

[Event "II Festival Panza A"]
[Site "Forio ITA"]
[Date "2010.07.22"]
[Round "7"]
[White "De Rosa, Mariagrazia"]
[Black "Looijmans, Karel"]
[Result "1-0"]
[WhiteElo "2073"]
[BlackElo "2104"]
[PlyCount "47"]
[EventDate "2010.07.17"]

1. e4 c5 2. Nf3 e6 3. d4 cxd4 4. Nxd4 Nc6 5. Nc3 Qc7 6. Be2 a6 7. Be3 Nf6 8.
O-O Bb4 9. Na4 O-O 10. c4 Bd6 11. g3 Nxe4 12. c5 Nxc5 13. Nxc5 Bxc5 14. Nxc6
Qxc6 15. Rc1 b6 16. Bf3 d5 17. b4 Bb7 18. bxc5 b5 19. Bg2 e5 20. f4 f6 21. fxe5
fxe5 22. Rxf8+ Rxf8 23. Qh5 Re8 24. Bxd5+ 1-0

[Event "II Festival Panza A"]
[Site "Forio ITA"]
[Date "2010.07.22"]
[Round "7"]
[White "Taglialatela, Massimiliano"]
[Black "Graziani, Sergio"]
[Result "1-0"]
[WhiteElo "2047"]
[BlackElo "1919"]
[PlyCount "135"]
[EventDate "2010.07.17"]

1. e4 Nf6 2. e5 Nd5 3. Nf3 d6 4. exd6 exd6 5. d4 Be7 6. Bd3 O-O 7. O-O Nb4 8.
Be2 Bf5 9. Na3 d5 10. c3 N4c6 11. Nc2 Nd7 12. Bf4 Nf6 13. Ne3 Bg6 14. Ne5 Re8
15. Bb5 Rc8 16. Nxc6 bxc6 17. Bxc6 Rf8 18. Be5 Rb8 19. Bxf6 Bxf6 20. Bxd5 c5
21. Qd2 cxd4 22. cxd4 Qb6 23. Rfd1 Qxb2 24. Bb3 Qa3 25. Nd5 Bd8 26. Qe3 Qd6 27.
Rac1 h6 28. Qg3 Qxg3 29. hxg3 Be4 30. Ne3 Bf6 31. Rc7 Rb7 32. Rxb7 Bxb7 33. d5
Rd8 34. Nf5 Kf8 35. f4 Bc8 36. Nd4 Bg4 37. Rd2 Bd7 38. Nf3 Bc3 39. Rd3 Ba5 40.
Ne5 Bb5 41. Rd1 Rd6 42. a4 Ba6 43. Bc4 Bc8 44. Bb5 Bd8 45. Nc4 Rf6 46. Re1 Be6
47. dxe6 fxe6 48. Ne5 Ba5 49. Rd1 Rf5 50. Bd3 Rh5 51. Be4 Bb6+ 52. Kf1 Rh1+ 53.
Ke2 Rxd1 54. Kxd1 Bf2 55. g4 Bg3 56. Ke2 g5 57. Kf3 Bh2 58. fxg5 hxg5 59. Nc6
Bg1 60. Bg6 Kg7 61. Bh5 Kf6 62. Ke4 Bf2 63. Nd4 Ke7 64. Bg6 Kf6 65. Be8 Ke7 66.
Bb5 Kf6 67. Bd3 Ke7 68. Bc4 1-0

[Event "II Festival Panza A"]
[Site "Forio ITA"]
[Date "2010.07.22"]
[Round "7"]
[White "Brookes, Christopher"]
[Black "Pegoraro, Nicola"]
[Result "1-0"]
[WhiteElo "2023"]
[BlackElo "2036"]
[PlyCount "63"]
[EventDate "2010.07.17"]

1. e4 c5 2. Nf3 d6 3. d4 cxd4 4. Nxd4 Nf6 5. Nc3 a6 6. Bg5 e6 7. f4 Qb6 8. Qd2
Qxb2 9. Rb1 Qa3 10. f5 Be7 11. fxe6 fxe6 12. Bc4 d5 13. exd5 Qc5 14. Bb3 O-O
15. O-O exd5 16. Nxd5 Kh8 17. Nxe7 Qxe7 18. Bxf6 gxf6 19. Rbe1 Qc5 20. Kh1 Nc6
21. Nxc6 bxc6 22. Rxf6 Bg4 23. Qf4 Bd7 24. Rf1 Rfe8 25. Rxc6 Qe5 26. Rf6 Qxf4
27. R6xf4 Bc6 28. h4 Rad8 29. Kh2 Rd2 30. R1f2 Rxf2 31. Rxf2 h6 32. Rf6 1-0

[Event "II Festival Panza A"]
[Site "Forio ITA"]
[Date "2010.07.22"]
[Round "7"]
[White "Hamperl, Fred"]
[Black "Heikkila, Antti"]
[Result "1-0"]
[WhiteElo "2084"]
[BlackElo "2045"]
[PlyCount "89"]
[EventDate "2010.07.17"]

1. e4 d6 2. d4 Nf6 3. Nc3 g6 4. Be3 c6 5. h3 Nbd7 6. f4 Bg7 7. Nf3 b5 8. a3 a6
9. Bd3 Bb7 10. O-O Rc8 11. Qe1 c5 12. e5 Bxf3 13. Rxf3 cxd4 14. Bxd4 Nh5 15.
Qe3 O-O 16. exd6 exd6 17. Bxg7 Nxg7 18. Re1 Re8 19. Qf2 Qb6 20. Rxe8+ Rxe8 21.
Qxb6 Nxb6 22. f5 gxf5 23. Kf2 Re5 24. Nd1 Nd5 25. b4 Kf8 26. c4 bxc4 27. Bxc4
Nc7 28. Ne3 Ke7 29. g4 d5 30. Bd3 fxg4 31. Nxg4 Rh5 32. Nf6 Rh4 33. Nxh7 Nge6
34. Re3 d4 35. Rf3 Rxh7 36. Bxh7 Ng5 37. Bd3 Nxf3 38. Kxf3 Ke6 39. h4 Nb5 40.
a4 Nc3 41. a5 Nd5 42. Bc4 Kd6 43. h5 d3 44. Bxd5 Kxd5 45. h6 1-0

[Event "II Festival Panza A"]
[Site "Forio ITA"]
[Date "2010.07.22"]
[Round "7"]
[White "Magaldi, Giuseppe"]
[Black "Basso, Pier Luigi"]
[Result "0-1"]
[WhiteElo "1458"]
[BlackElo "1689"]
[PlyCount "56"]
[EventDate "2010.07.17"]

1. e4 c5 2. Nf3 d6 3. Bc4 Nf6 4. d3 Nc6 5. a3 e6 6. Be3 Be7 7. h3 O-O 8. Nc3 a6
9. g4 b5 10. Ba2 e5 11. g5 Ne8 12. h4 Nd4 13. h5 Bxg5 14. Bxd4 exd4 15. Nd5 Bg4
16. Qe2 Nf6 17. Nxg5 Bxe2 18. h6 g6 19. Kxe2 Nxd5 20. exd5 Qxg5 21. Rag1 Rae8+
22. Kf1 Qc1+ 23. Kg2 Qxc2 24. Bb1 Qe2 25. Rh2 Qg4+ 26. Kh1 Qf3+ 27. Rhg2 Re5
28. Bc2 Rh5# 0-1

[Event "II Festival Panza A"]
[Site "Forio ITA"]
[Date "2010.07.23"]
[Round "8"]
[White "Rotstein, Arkadij"]
[Black "Lazarev, Vladimir"]
[Result "1/2-1/2"]
[WhiteElo "2527"]
[BlackElo "2444"]
[PlyCount "60"]
[EventDate "2010.07.17"]

1. d4 Nf6 2. Nf3 d5 3. g3 c6 4. Bg2 Bg4 5. O-O Nbd7 6. Nbd2 e6 7. Re1 Be7 8. e4
O-O 9. c3 Bh5 10. e5 Ne8 11. Nb3 Rc8 12. Be3 c5 13. Qd2 cxd4 14. Bxd4 b6 15.
Nc1 Nc7 16. Nd3 Bg6 17. Nf4 Be4 18. Qe2 Nb8 19. c4 Nc6 20. Bc3 Bb4 21. Rad1
Bxc3 22. bxc3 Qe7 23. cxd5 Bxd5 24. c4 Bxf3 25. Qxf3 Na5 26. Nh5 Kh8 27. Rd4
Ne8 28. Qd3 g6 29. Nf4 Ng7 30. g4 Rfd8 1/2-1/2

[Event "II Festival Panza A"]
[Site "Forio ITA"]
[Date "2010.07.23"]
[Round "8"]
[White "Ortega, Lexy"]
[Black "Epishin, Vladimir V."]
[Result "0-1"]
[WhiteElo "2488"]
[BlackElo "2598"]
[PlyCount "80"]
[EventDate "2010.07.17"]

1. Nf3 d5 2. d4 Nf6 3. c4 dxc4 4. e3 g6 5. Bxc4 Bg7 6. Nc3 O-O 7. h3 c5 8. d5
Nbd7 9. e4 b5 10. Bd3 c4 11. Bc2 b4 12. Ne2 Nc5 13. Ng3 e6 14. Be3 Nfd7 15.
dxe6 Nxe6 16. O-O Ne5 17. Nxe5 Bxe5 18. Qc1 Qf6 19. Rb1 Nf4 20. Bc5 Bxh3 21.
gxh3 Nxh3+ 22. Kg2 Nf4+ 23. Kg1 h5 24. Qd1 h4 25. Qg4 hxg3 26. fxg3 Bd4+ 27.
Bxd4 Qxd4+ 28. Rf2 Nd3 29. Bxd3 cxd3 30. Rd1 Rad8 31. Kg2 Rfe8 32. Re1 d2 33.
Rd1 Rxe4 34. Qg5 Re1 35. Rdxd2 Qe4+ 36. Kh3 Rh1+ 37. Rh2 Rxd2 38. Qxd2 Qf5+ 39.
g4 Qf3+ 40. Kh4 Qf6+ 0-1

[Event "II Festival Panza A"]
[Site "Forio ITA"]
[Date "2010.07.23"]
[Round "8"]
[White "Gaponenko, Inna"]
[Black "Meijers, Viesturs"]
[Result "1/2-1/2"]
[WhiteElo "2465"]
[BlackElo "2474"]
[PlyCount "44"]
[EventDate "2010.07.17"]

1. e4 e5 2. Nf3 Nf6 3. Nxe5 d6 4. Nf3 Nxe4 5. Qe2 Qe7 6. d3 Nf6 7. Bg5 Qxe2+ 8.
Bxe2 Be7 9. Nc3 c6 10. O-O-O Na6 11. Ne4 Nxe4 12. dxe4 Nc5 13. Bxe7 Kxe7 14.
Nd2 Be6 15. Bc4 Bxc4 16. Nxc4 Rad8 17. f3 Rd7 18. Rd2 Rhd8 19. Rhd1 d5 20. exd5
Rxd5 21. Rxd5 Rxd5 22. b4 Rxd1+ 1/2-1/2

[Event "II Festival Panza A"]
[Site "Forio ITA"]
[Date "2010.07.23"]
[Round "8"]
[White "Scharrer, Patrick"]
[Black "Manca, Federico"]
[Result "0-1"]
[WhiteElo "2253"]
[BlackElo "2356"]
[PlyCount "116"]
[EventDate "2010.07.17"]

1. e4 c5 2. Nf3 Nc6 3. d3 g6 4. g3 Bg7 5. Bg2 d6 6. c3 Nf6 7. O-O O-O 8. Re1
Bg4 9. h3 Bxf3 10. Qxf3 Rb8 11. Qe2 Nd7 12. f4 Qc7 13. Nd2 b5 14. Nf3 b4 15. c4
Nd4 16. Nxd4 Bxd4+ 17. Be3 Bxe3+ 18. Qxe3 e6 19. g4 Qd8 20. Rf1 Qf6 21. Rf2 Qd4
22. Qg3 Rbe8 23. Kh1 Re7 24. h4 f6 25. Raf1 e5 26. f5 g5 27. hxg5 fxg5 28. f6
Ref7 29. Rf5 h6 30. Qh3 Nxf6 31. R1f2 Kg7 32. Bf1 Ng8 33. Rh2 Rxf5 34. gxf5 Rf6
35. Qg3 Rf8 36. Qh3 Rf6 37. Qg3 a5 38. Qf3 a4 39. Qd1 a3 40. bxa3 bxa3 41. Qc1
Rf7 42. Qxa3 Qa1 43. Rf2 Nf6 44. Qb2 Qd1 45. Qe2 Qc1 46. Qd2 Qxd2 47. Rxd2 Rb7
48. Be2 Rb1+ 49. Kg2 h5 50. a4 Ra1 51. Rb2 g4 52. Rb7+ Kh6 53. Kg3 Ra2 54. Rf7
Nh7 55. Bf1 Rxa4 56. Rd7 Nf6 57. Rxd6 Kg5 58. Re6 Ra2 0-1

[Event "II Festival Panza A"]
[Site "Forio ITA"]
[Date "2010.07.23"]
[Round "8"]
[White "Ochtman, Henk"]
[Black "Taglialatela, Massimiliano"]
[Result "1-0"]
[WhiteElo "2183"]
[BlackElo "2047"]
[PlyCount "69"]
[EventDate "2010.07.17"]

1. f4 e5 2. fxe5 d6 3. Nf3 dxe5 4. Nc3 Nc6 5. e3 Bd6 6. d4 exd4 7. exd4 Nf6 8.
Qe2+ Be7 9. Be3 Nb4 10. a3 Nbd5 11. Nxd5 Nxd5 12. Bd2 O-O 13. O-O-O Bf5 14. h3
b5 15. Qe5 Bg6 16. Bxb5 c6 17. Bc4 Bd6 18. Qg5 Be7 19. Qg3 Rb8 20. Ne5 Bd6 21.
Qf3 Qb6 22. Bb3 Bxe5 23. dxe5 a5 24. Bc3 Nxc3 25. Qxc3 c5 26. Rd6 Qc7 27. Rhd1
Rfe8 28. g4 Qe7 29. e6 Qg5+ 30. Qd2 Qxd2+ 31. R1xd2 fxe6 32. Bxe6+ Bf7 33.
Bxf7+ Kxf7 34. Rf2+ Ke7 35. Ra6 1-0

[Event "II Festival Panza A"]
[Site "Forio ITA"]
[Date "2010.07.23"]
[Round "8"]
[White "Brookes, Christopher"]
[Black "De Rosa, Mariagrazia"]
[Result "0-1"]
[WhiteElo "2023"]
[BlackElo "2073"]
[PlyCount "98"]
[EventDate "2010.07.17"]

1. e4 c5 2. Nf3 d6 3. d4 cxd4 4. Nxd4 Nf6 5. Nc3 a6 6. Bg5 e6 7. f4 Qc7 8. Qf3
Nc6 9. Nb3 Be7 10. O-O-O Bd7 11. Bd3 O-O 12. Rhe1 b5 13. Qg3 b4 14. e5 dxe5 15.
fxe5 Nh5 16. Qh4 Bxg5+ 17. Qxg5 bxc3 18. Re3 cxb2+ 19. Kb1 g6 20. g4 f6 21. Qh6
Nxe5 22. Bxg6 Nxg6 23. gxh5 Qf4 24. Qxf4 Nxf4 25. Rxd7 Rfd8 26. Re7 Nd5 27.
Rg3+ Kh8 28. Rxe6 Rac8 29. Kxb2 Nf4 30. Rxa6 Nxh5 31. Rf3 Rd5 32. Ra5 Rxa5 33.
Nxa5 Kg7 34. Kb3 Kg6 35. a4 f5 36. h4 f4 37. Nc4 Rd8 38. Rd3 Rb8+ 39. Kc3 Kf5
40. Rd7 h6 41. a5 Nf6 42. Rf7 Ke6 43. Rg7 f3 44. Kd3 f2 45. Ke2 Ne4 46. Ne3 Rb1
47. Kf3 Re1 48. Nf1 Rxf1 49. Rg4 Re1 0-1

[Event "II Festival Panza A"]
[Site "Forio ITA"]
[Date "2010.07.23"]
[Round "8"]
[White "Basso, Pier Luigi"]
[Black "Safranska, Anda"]
[Result "0-1"]
[WhiteElo "1689"]
[BlackElo "2288"]
[PlyCount "131"]
[EventDate "2010.07.17"]

1. e4 g6 2. d4 Bg7 3. Nc3 c6 4. Nf3 d5 5. exd5 cxd5 6. Bd3 Nc6 7. Ne2 Bg4 8. c3
Bxf3 9. gxf3 e6 10. Qb3 Qd7 11. Bf4 a6 12. O-O-O Rc8 13. Qa3 Bf8 14. Qa4 Nf6
15. Kb1 Nh5 16. Bg3 Bd6 17. Rde1 O-O 18. Qd1 b5 19. Qd2 Rfe8 20. Nf4 Ng7 21.
Nh3 Bf8 22. Be5 Nxe5 23. dxe5 a5 24. Qe2 Rb8 25. Rc1 Rec8 26. Nf4 Ne8 27. Ng2
Bg7 28. f4 Nc7 29. h4 h5 30. Rc2 Na6 31. Rhc1 Nc5 32. Ne1 Bf8 33. Nf3 Be7 34.
Qe3 Nxd3 35. Qxd3 Rc4 36. Qe3 Qb7 37. b3 Rc7 38. Ng5 Rbc8 39. f5 Bxg5 40. Qxg5
exf5 41. e6 Qc6 42. Re2 Kg7 43. exf7 Rxf7 44. Re7 Qf6 45. Rxf7+ Kxf7 46. Qe3
Qxh4 47. Qa7+ Qe7 48. Qxa5 Qc5 49. Qa6 Rc6 50. Qb7+ Rc7 51. Qb8 Kg7 52. Qd8 Ra7
53. Rc2 Re7 54. Kb2 b4 55. cxb4 Qd4+ 56. Kb1 Re1+ 57. Rc1 Rxc1+ 58. Kxc1 Qa1+
59. Kc2 Qxa2+ 60. Kc3 Qa1+ 61. Kd3 Qd1+ 62. Kc3 Qe1+ 63. Kd3 Qxb4 64. Qxd5 h4
65. Ke3 Qe1+ 66. Kf3 0-1

[Event "II Festival Panza A"]
[Site "Forio ITA"]
[Date "2010.07.23"]
[Round "8"]
[White "Lamagna, Mario"]
[Black "Looijmans, Karel"]
[Result "0-1"]
[WhiteElo "2009"]
[BlackElo "2104"]
[PlyCount "80"]
[EventDate "2010.07.17"]

1. e4 c5 2. f4 Nc6 3. Nf3 e6 4. Qe2 Nf6 5. c3 d5 6. d3 Be7 7. g3 O-O 8. Na3 Re8
9. Bg2 c4 10. e5 cxd3 11. Qxd3 Ne4 12. Nc2 Qb6 13. Nfd4 f5 14. O-O Bd7 15. Rb1
Bc5 16. Be3 Nxd4 17. cxd4 Be7 18. Rfc1 Bb5 19. Qd1 Qa6 20. a3 Be2 21. Qe1 Bd3
22. Bf1 Rac8 23. Bxd3 Qxd3 24. Qf1 Qb3 25. Qe2 Rc4 26. Ne1 b5 27. Nd3 Rec8 28.
Rxc4 bxc4 29. Nc1 Qa4 30. Na2 Rb8 31. Qe1 Qb3 32. Nc1 Qc2 33. Ne2 Rb3 34. Bf2
Rf3 35. Rc1 Qxb2 36. Rb1 Qxa3 37. Ra1 Qb4 38. Rxa7 Rxf2 39. Nc3 Rb2 40. Rxe7
Qxe7 0-1

[Event "II Festival Panza A"]
[Site "Forio ITA"]
[Date "2010.07.23"]
[Round "8"]
[White "Graziani, Sergio"]
[Black "Hamperl, Fred"]
[Result "0-1"]
[WhiteElo "1919"]
[BlackElo "2084"]
[PlyCount "46"]
[EventDate "2010.07.17"]

1. d4 Nf6 2. c4 c5 3. d5 e6 4. Nc3 exd5 5. cxd5 d6 6. Nf3 g6 7. Nd2 Nbd7 8. e4
Bg7 9. Be2 O-O 10. O-O Re8 11. f4 c4 12. Nxc4 Nxe4 13. Nxe4 Rxe4 14. Bd3 Re8
15. Qf3 Nc5 16. f5 Nxd3 17. fxg6 fxg6 18. Qxd3 Bf5 19. Qg3 Re4 20. Rf4 Bd4+ 21.
Kf1 Qf6 22. Qf3 Rae8 23. Rxe4 Bxe4 0-1

[Event "II Festival Panza A"]
[Site "Forio ITA"]
[Date "2010.07.23"]
[Round "8"]
[White "Heikkila, Antti"]
[Black "Pegoraro, Nicola"]
[Result "0-1"]
[WhiteElo "2045"]
[BlackElo "2036"]
[PlyCount "44"]
[EventDate "2010.07.17"]

1. e4 c5 2. Nf3 d6 3. d4 cxd4 4. Nxd4 Nf6 5. Nc3 a6 6. Bg5 e6 7. Be2 Be7 8. Qd2
Nbd7 9. O-O Qc7 10. f4 O-O 11. Kh1 b5 12. a3 Bb7 13. Bd3 h6 14. Bxf6 Bxf6 15.
Ncxb5 axb5 16. Nxb5 Qb6 17. Nxd6 Qxd6 18. e5 Bxe5 19. fxe5 Qxe5 20. Rae1 Qd5
21. Rf4 Qg5 22. Qf2 Bxg2+ 0-1

[Event "II Festival Panza A"]
[Site "Forio ITA"]
[Date "2010.07.23"]
[Round "8"]
[White "Magaldi, Giuseppe"]
[Black "Andreoli, Mark"]
[Result "1/2-1/2"]
[WhiteElo "1458"]
[BlackElo "2013"]
[PlyCount "34"]
[EventDate "2010.07.17"]

1. e4 c5 2. Nc3 Nc6 3. a3 g6 4. Nf3 Bg7 5. Qe2 d6 6. b4 cxb4 7. axb4 Bg4 8. h3
Nd4 9. Qd3 Bxf3 10. gxf3 Nh6 11. Ne2 Nxe2 12. Qb5+ Qd7 13. Qa5 Nd4 14. Ra2
Nxf3+ 15. Kd1 O-O 16. h4 Ng4 17. Ke2 Nd4+ 1/2-1/2